000 00571nam a2200193Ia 4500
003 GCL
008 140319s9999 xx 000 0 ara d
040 _aGCL /
_cGCL
082 0 4 _a891.7
_bب ث
100 1 _aبونداريف، يورى
245 1 0 _aالثلج الحار : رواية /
_cبونداريف، يورى
700 1 _aغائب طعمة فرمان (مترجم)
300 _a330 ص
490 _a
650 0 4 _aالادب الروسى
650 0 4 _aالقصص الروسية المترجمة
650 0 4 _aالقصص الروسية
942 _2ddc
_cBK
999 _c46704
_d46704